000
00324nam a22001337a 4500
999
_c
263363
_d
263362
020
_a
9780679990703
020
_a
9780679890706
100
_a
Mary Pope Osborne
245
_a
Earthquake in the Early Morning.
260
_a
New York
_b
Random House
_c
2001
300
_a
72pgs
_b
ill
490
_a
Magic Tree House
942
_c
BK